A Science policy perspectives : USA-Japan

Đã lưu trong:
書目詳細資料
主要作者: Gerstenfeld, Arthur
格式: 圖書
語言:Undetermined
出版: New York Academic Press 1982
主題:
標簽: 添加標簽
沒有標簽, 成為第一個標記此記錄!
Thư viện lưu trữ: Trung tâm Học liệu Trường Đại học Cần Thơ
LEADER 00534nam a2200205Ia 4500
001 CTU_88580
008 210402s9999 xx 000 0 und d
082 |a 507.2052 
082 |b G383 
100 |a Gerstenfeld, Arthur 
245 2 |a A Science policy perspectives : 
245 0 |b USA-Japan 
245 0 |c Arthur Gerstenfeld 
260 |a New York 
260 |b Academic Press 
260 |c 1982 
650 |a Research 
650 |x Congresses 
650 |z United states 
980 |a Trung tâm Học liệu Trường Đại học Cần Thơ